<?xml version="1.0" encoding="UTF-8"?>
<record
    xmlns:xsi="http://www.w3.org/2001/XMLSchema-instance"
    xsi:schemaLocation="http://www.loc.gov/MARC21/slim http://www.loc.gov/standards/marcxml/schema/MARC21slim.xsd"
    xmlns="http://www.loc.gov/MARC21/slim">

  <leader>00475nam a2200169   4500</leader>
  <controlfield tag="003">SEACOMMC</controlfield>
  <controlfield tag="005">20250502135016.0</controlfield>
  <controlfield tag="008">250213b        |||||||| |||| 00| 0 eng d</controlfield>
  <datafield tag="020" ind1=" " ind2=" ">
    <subfield code="a">978-0-07-060168-0</subfield>
    <subfield code="c">Rs.240.00</subfield>
  </datafield>
  <datafield tag="040" ind1=" " ind2=" ">
    <subfield code="a">SEACOMMC</subfield>
  </datafield>
  <datafield tag="082" ind1=" " ind2=" ">
    <subfield code="a">005.73</subfield>
    <subfield code="b">L 767</subfield>
  </datafield>
  <datafield tag="100" ind1=" " ind2=" ">
    <subfield code="a"> Lipschutz, Seymour</subfield>
  </datafield>
  <datafield tag="245" ind1="1" ind2=" ">
    <subfield code="a">Data Structures /</subfield>
    <subfield code="c">Seymour Lipschutz</subfield>
    <subfield code="d">Adapted by G A V Pai</subfield>
  </datafield>
  <datafield tag="260" ind1=" " ind2=" ">
    <subfield code="a"> New Delhi</subfield>
    <subfield code="b">Tata  McGraw Hill </subfield>
    <subfield code="c"> 2006</subfield>
  </datafield>
  <datafield tag="650" ind1=" " ind2=" ">
    <subfield code="a">Computer Science</subfield>
  </datafield>
  <datafield tag="942" ind1=" " ind2=" ">
    <subfield code="c">BOOK</subfield>
  </datafield>
  <datafield tag="952" ind1=" " ind2=" ">
    <subfield code="0">0</subfield>
    <subfield code="1">0</subfield>
    <subfield code="2">ddc</subfield>
    <subfield code="4">0</subfield>
    <subfield code="7">0</subfield>
    <subfield code="a">SEACOMMC</subfield>
    <subfield code="b">SEACOMMC</subfield>
    <subfield code="c">REF</subfield>
    <subfield code="d">2008-07-23</subfield>
    <subfield code="l">0</subfield>
    <subfield code="o">005.73 L 767</subfield>
    <subfield code="p">M-2082</subfield>
    <subfield code="r">2025-02-13 16:29:28</subfield>
    <subfield code="w">2025-02-13</subfield>
    <subfield code="y">REF</subfield>
  </datafield>
  <datafield tag="952" ind1=" " ind2=" ">
    <subfield code="0">0</subfield>
    <subfield code="1">0</subfield>
    <subfield code="2">ddc</subfield>
    <subfield code="4">0</subfield>
    <subfield code="7">0</subfield>
    <subfield code="a">SEACOMMC</subfield>
    <subfield code="b">SEACOMMC</subfield>
    <subfield code="d">2008-07-23</subfield>
    <subfield code="l">1</subfield>
    <subfield code="o">005.73 L 767</subfield>
    <subfield code="p">M-2083</subfield>
    <subfield code="r">2025-11-13 15:21:49</subfield>
    <subfield code="s">2025-11-06</subfield>
    <subfield code="t">1</subfield>
    <subfield code="w">2025-02-13</subfield>
    <subfield code="y">BOOK</subfield>
  </datafield>
  <datafield tag="952" ind1=" " ind2=" ">
    <subfield code="0">0</subfield>
    <subfield code="1">0</subfield>
    <subfield code="2">ddc</subfield>
    <subfield code="4">0</subfield>
    <subfield code="7">0</subfield>
    <subfield code="a">SEACOMMC</subfield>
    <subfield code="b">SEACOMMC</subfield>
    <subfield code="d">2008-07-23</subfield>
    <subfield code="l">1</subfield>
    <subfield code="o">005.73 L 767</subfield>
    <subfield code="p">M-2084</subfield>
    <subfield code="q">2026-06-03</subfield>
    <subfield code="r">2026-05-20 16:16:10</subfield>
    <subfield code="s">2026-05-20</subfield>
    <subfield code="t">2</subfield>
    <subfield code="w">2025-02-13</subfield>
    <subfield code="y">BOOK</subfield>
  </datafield>
  <datafield tag="952" ind1=" " ind2=" ">
    <subfield code="0">0</subfield>
    <subfield code="1">0</subfield>
    <subfield code="2">ddc</subfield>
    <subfield code="4">0</subfield>
    <subfield code="7">0</subfield>
    <subfield code="a">SEACOMMC</subfield>
    <subfield code="b">SEACOMMC</subfield>
    <subfield code="d">2008-07-23</subfield>
    <subfield code="l">0</subfield>
    <subfield code="o">005.73 L 767</subfield>
    <subfield code="p">M-2085</subfield>
    <subfield code="r">2025-02-13 16:30:08</subfield>
    <subfield code="t">3</subfield>
    <subfield code="w">2025-02-13</subfield>
    <subfield code="y">BOOK</subfield>
  </datafield>
  <datafield tag="952" ind1=" " ind2=" ">
    <subfield code="0">0</subfield>
    <subfield code="1">0</subfield>
    <subfield code="2">ddc</subfield>
    <subfield code="4">0</subfield>
    <subfield code="7">0</subfield>
    <subfield code="a">SEACOMMC</subfield>
    <subfield code="b">SEACOMMC</subfield>
    <subfield code="d">2008-07-23</subfield>
    <subfield code="l">0</subfield>
    <subfield code="o">005.73 L 767</subfield>
    <subfield code="p">M-2086</subfield>
    <subfield code="r">2025-02-13 16:30:08</subfield>
    <subfield code="t">4</subfield>
    <subfield code="w">2025-02-13</subfield>
    <subfield code="y">BOOK</subfield>
  </datafield>
  <datafield tag="952" ind1=" " ind2=" ">
    <subfield code="0">0</subfield>
    <subfield code="1">0</subfield>
    <subfield code="2">ddc</subfield>
    <subfield code="4">0</subfield>
    <subfield code="7">0</subfield>
    <subfield code="a">SEACOMMC</subfield>
    <subfield code="b">SEACOMMC</subfield>
    <subfield code="d">2008-07-23</subfield>
    <subfield code="l">0</subfield>
    <subfield code="o">005.73 L 767</subfield>
    <subfield code="p">M-2087</subfield>
    <subfield code="r">2025-02-13 16:30:08</subfield>
    <subfield code="t">5</subfield>
    <subfield code="w">2025-02-13</subfield>
    <subfield code="y">BOOK</subfield>
  </datafield>
  <datafield tag="952" ind1=" " ind2=" ">
    <subfield code="0">0</subfield>
    <subfield code="1">0</subfield>
    <subfield code="2">ddc</subfield>
    <subfield code="4">0</subfield>
    <subfield code="7">0</subfield>
    <subfield code="a">SEACOMMC</subfield>
    <subfield code="b">SEACOMMC</subfield>
    <subfield code="d">2008-07-23</subfield>
    <subfield code="l">1</subfield>
    <subfield code="o">005.73 L 767</subfield>
    <subfield code="p">M-2088</subfield>
    <subfield code="q">2026-04-23</subfield>
    <subfield code="r">2026-04-09 13:17:31</subfield>
    <subfield code="s">2026-04-09</subfield>
    <subfield code="t">6</subfield>
    <subfield code="w">2025-02-13</subfield>
    <subfield code="y">BOOK</subfield>
  </datafield>
  <datafield tag="952" ind1=" " ind2=" ">
    <subfield code="0">0</subfield>
    <subfield code="1">0</subfield>
    <subfield code="2">ddc</subfield>
    <subfield code="4">0</subfield>
    <subfield code="7">0</subfield>
    <subfield code="a">SEACOMMC</subfield>
    <subfield code="b">SEACOMMC</subfield>
    <subfield code="d">2008-07-23</subfield>
    <subfield code="l">0</subfield>
    <subfield code="o">005.73 L 767</subfield>
    <subfield code="p">M-2089</subfield>
    <subfield code="r">2025-02-13 16:30:08</subfield>
    <subfield code="t">7</subfield>
    <subfield code="w">2025-02-13</subfield>
    <subfield code="y">BOOK</subfield>
  </datafield>
  <datafield tag="952" ind1=" " ind2=" ">
    <subfield code="0">0</subfield>
    <subfield code="1">0</subfield>
    <subfield code="2">ddc</subfield>
    <subfield code="4">0</subfield>
    <subfield code="7">0</subfield>
    <subfield code="a">SEACOMMC</subfield>
    <subfield code="b">SEACOMMC</subfield>
    <subfield code="d">2008-07-23</subfield>
    <subfield code="l">0</subfield>
    <subfield code="o">005.73 L 767</subfield>
    <subfield code="p">M-2090</subfield>
    <subfield code="r">2025-02-13 16:30:08</subfield>
    <subfield code="t">8</subfield>
    <subfield code="w">2025-02-13</subfield>
    <subfield code="y">BOOK</subfield>
  </datafield>
  <datafield tag="952" ind1=" " ind2=" ">
    <subfield code="0">0</subfield>
    <subfield code="1">0</subfield>
    <subfield code="2">ddc</subfield>
    <subfield code="4">0</subfield>
    <subfield code="7">0</subfield>
    <subfield code="a">SEACOMMC</subfield>
    <subfield code="b">SEACOMMC</subfield>
    <subfield code="d">2008-07-23</subfield>
    <subfield code="l">0</subfield>
    <subfield code="o">005.73 L 767</subfield>
    <subfield code="p">M-2091</subfield>
    <subfield code="r">2025-02-14 11:10:29</subfield>
    <subfield code="t">9</subfield>
    <subfield code="w">2025-02-14</subfield>
    <subfield code="y">BOOK</subfield>
  </datafield>
  <datafield tag="952" ind1=" " ind2=" ">
    <subfield code="0">0</subfield>
    <subfield code="1">0</subfield>
    <subfield code="2">ddc</subfield>
    <subfield code="4">0</subfield>
    <subfield code="7">0</subfield>
    <subfield code="a">SEACOMMC</subfield>
    <subfield code="b">SEACOMMC</subfield>
    <subfield code="d">2008-07-23</subfield>
    <subfield code="l">0</subfield>
    <subfield code="o">005.73 L 767</subfield>
    <subfield code="p">M-2092</subfield>
    <subfield code="r">2025-02-14 11:10:29</subfield>
    <subfield code="t">10</subfield>
    <subfield code="w">2025-02-14</subfield>
    <subfield code="y">BOOK</subfield>
  </datafield>
  <datafield tag="952" ind1=" " ind2=" ">
    <subfield code="0">0</subfield>
    <subfield code="1">0</subfield>
    <subfield code="2">ddc</subfield>
    <subfield code="4">0</subfield>
    <subfield code="7">0</subfield>
    <subfield code="a">SEACOMMC</subfield>
    <subfield code="b">SEACOMMC</subfield>
    <subfield code="d">2008-07-23</subfield>
    <subfield code="l">0</subfield>
    <subfield code="o">005.73 L 767</subfield>
    <subfield code="p">M-2093</subfield>
    <subfield code="r">2025-02-14 11:10:29</subfield>
    <subfield code="t">11</subfield>
    <subfield code="w">2025-02-14</subfield>
    <subfield code="y">BOOK</subfield>
  </datafield>
  <datafield tag="952" ind1=" " ind2=" ">
    <subfield code="0">0</subfield>
    <subfield code="1">0</subfield>
    <subfield code="2">ddc</subfield>
    <subfield code="4">0</subfield>
    <subfield code="7">0</subfield>
    <subfield code="a">SEACOMMC</subfield>
    <subfield code="b">SEACOMMC</subfield>
    <subfield code="d">2008-07-23</subfield>
    <subfield code="l">0</subfield>
    <subfield code="o">005.73 L 767</subfield>
    <subfield code="p">M-2094</subfield>
    <subfield code="r">2025-02-14 11:10:29</subfield>
    <subfield code="t">12</subfield>
    <subfield code="w">2025-02-14</subfield>
    <subfield code="y">BOOK</subfield>
  </datafield>
  <datafield tag="952" ind1=" " ind2=" ">
    <subfield code="0">0</subfield>
    <subfield code="1">0</subfield>
    <subfield code="2">ddc</subfield>
    <subfield code="4">0</subfield>
    <subfield code="7">0</subfield>
    <subfield code="a">SEACOMMC</subfield>
    <subfield code="b">SEACOMMC</subfield>
    <subfield code="d">2008-07-23</subfield>
    <subfield code="l">0</subfield>
    <subfield code="o">005.73 L 767</subfield>
    <subfield code="p">M-2095</subfield>
    <subfield code="r">2025-02-14 11:10:29</subfield>
    <subfield code="t">13</subfield>
    <subfield code="w">2025-02-14</subfield>
    <subfield code="y">BOOK</subfield>
  </datafield>
  <datafield tag="952" ind1=" " ind2=" ">
    <subfield code="0">0</subfield>
    <subfield code="1">0</subfield>
    <subfield code="2">ddc</subfield>
    <subfield code="4">0</subfield>
    <subfield code="7">0</subfield>
    <subfield code="a">SEACOMMC</subfield>
    <subfield code="b">SEACOMMC</subfield>
    <subfield code="d">2008-07-23</subfield>
    <subfield code="l">0</subfield>
    <subfield code="o">005.73 L 767</subfield>
    <subfield code="p">M-2096</subfield>
    <subfield code="r">2025-02-14 11:10:29</subfield>
    <subfield code="t">14</subfield>
    <subfield code="w">2025-02-14</subfield>
    <subfield code="y">BOOK</subfield>
  </datafield>
  <datafield tag="999" ind1=" " ind2=" ">
    <subfield code="c">1083</subfield>
    <subfield code="d">1083</subfield>
  </datafield>
</record>
